[Event "8th Holuj-Radzikowska Rapid 2018"]
[Site "Wroclaw"]
[Date "2018.12.11"]
[Round "9"]
[White "Warakomska, Anna"]
[Black "Javakhishvili, Lela"]
[Result "0-1"]
[WhiteElo "2233"]
[BlackElo "2464"]
[Annotator "TA"]
[PlyCount "80"]
[EventDate "2018.11.26"]
[EventType "schev"]
[EventCountry "POL"]
[SourceTitle "playchess.com"]
[Source "ChessBase"]
[SourceQuality "1"]
[WhiteTeam "Poland"]
[BlackTeam "World"]
[WhiteTeamCountry "POL"]

{[%evp 22,80,26,18,10,3,25,16,30,0,0,0,0,0,0,-14,0,-7,-1,-9,0,-17,-22,-10,-13,-12,0,-20,-8,-15,0,0,-13,-53,-56,-56,-51,-51,-51,-59,-38,-47,-45,-49,-47,-37,-31,-61,-62,-75,-51,-70,-73,-81,-48,-48,-48,-43,-53,-500,-485]} 1. d4 Nf6 2. Bf4 d6 3. e3 g6 4. h3 Bg7 5. Nf3 O-O 6. Be2 b6 7. O-O Bb7 8. c3 c5 9. Nbd2 Nbd7 10. Bh2 Qc7 11. a4 a6 12. Qc2 {LiveBook: 3 Games. A48: 1 d4 Nf6 2 Nf3 g6: Torre, London and Colle Systems} (12. Bd3 cxd4 13. cxd4 Nd5 14. Qb3 Bh6 15. Rac1 Qb8 16. Bc4 N7f6 17. Ne4 b5 18. axb5 axb5 19. Nxf6+ Nxf6 {½-½ (33) Nisipeanu,L (2657)-Illescas Cordoba,M (2605) Barcelona 2018}) 12... cxd4 13. exd4 Nd5 14. Qb3 $146 {White has an edge.} ({Predecessor:} 14. Rfe1 Rfe8 15. Qb3 Bh6 16. Bc4 Qc6 17. Ne4 Rac8 18. Bxd5 Qxd5 19. c4 Qa5 {1-0 (31) Janssen,C-Straat,E (2260) Haarlem 1987}) 14... Bh6 15. Bd3 N7f6 16. Rfe1 Nf4 17. Bxf4 Bxf4 18. Ne4 Nh5 19. Ned2 Rad8 20. Be4 Bc8 21. Nf1 Bh6 22. Ne3 e6 23. Nd2 {[%cal Bf3d2,Bd2f1,Bf1g3][%mdl 32]} d5 24. Bf3 Nf4 25. Rad1 Bg7 26. Ndf1 Bd7 27. Ng3 b5 28. axb5 Bxb5 29. Qc2 Rb8 30. Ne2 a5 31. Nxf4 Qxf4 32. Ra1 a4 33. Qd2 Rb6 34. Bd1 Rfb8 35. Ra2 Qc7 36. Bc2 Bh6 37. Qd1 Bxe3 38. Rxe3 Bc4 {[%mdl 64] Discovered Attack} 39. Rxa4 Rxb2 {White must now prevent ...Ba2.} 40. Qc1 $2 {[%mdl 8192] [#]} ({Better is} 40. Ra1 $1 $15) 40... Rxc2 $1 {[%mdl 512] Accuracy: White = 43%, Black = 53%.} 0-1

[Event "8th Holuj-Radzikowska Rapid 2018"]
[Site "Wroclaw"]
[Date "2018.12.11"]
[Round "10"]
[White "Harika, Dronavalli"]
[Black "Warakomska, Anna"]
[Result "1-0"]
[WhiteElo "2494"]
[BlackElo "2233"]
[Annotator "TA"]
[PlyCount "91"]
[EventDate "2018.11.26"]
[EventType "schev"]
[EventCountry "POL"]
[SourceTitle "playchess.com"]
[Source "ChessBase"]
[SourceQuality "1"]
[WhiteTeam "World"]
[BlackTeam "Poland"]
[BlackTeamCountry "POL"]

{[%evp 9,91,-29,0,-16,0,0,2,-6,16,11,16,-27,-26,-32,-35,-35,-35,-35,-42,-42,-29,-35,-31,-22,-25,-76,0,0,0,0,11,11,18,22,133,23,17,20,12,0,0,0,0,0,0,0,0,-40,-32,-27,-31,-57,0,-15,0,-21,0,0,0,0,0,0,0,0,136,0,55,43,408,437,576,581,547,534,547,533,578,568,1000,985,1136,1058,1043,995]} 1. d4 d5 2. Bg5 f6 3. Bd2 Nc6 4. e3 e5 5. Bb5 exd4 6. exd4 {D00: 1 d4 d5: Unusual lines} Be6 7. Ne2 Qd7 $146 ({Predecessor:} 7... Bd6 8. Nf4 Bf7 9. Qg4 Kf8 10. Bxc6 bxc6 {0-1 (43) Torre,E (2519)-Sasikiran,K (2664) Doha 2003}) 8. O-O {The position is equal.} O-O-O 9. b4 Nge7 10. Nbc3 Nf5 11. Na4 a6 12. Nc5 Bxc5 $1 13. Bxc6 $1 Qxc6 14. bxc5 Rhe8 15. Rb1 Bf7 16. c3 Bh5 17. Re1 (17. f3 $11) 17... Re7 (17... g5 $17) 18. f3 $11 {next g4 is good for White.} Rde8 19. Nf4 $1 Rxe1+ 20. Bxe1 Bf7 21. Bf2 Ne3 (21... Ne7 $11 {remains equal.}) 22. Bxe3 (22. Qd3 $16) 22... Rxe3 23. Qd2 Re8 24. Re1 (24. h4 {looks sharper.} g5 25. hxg5 fxg5 26. Nh3 Bg6 27. Re1) 24... g5 $36 {[%mdl 2048] Black has the initiative.} 25. Nd3 Rxe1+ 26. Qxe1 Qe6 27. Qd2 Bg6 28. Kf2 Qf5 29. Nc1 h5 30. Nb3 c6 (30... Be8 $15) 31. Qe2 h4 32. Qb2 Qd3 (32... g4 {with more complications.} 33. Nd2 gxf3 34. Nxf3 Bh5 35. Qe2 h3) 33. Qe2 Kd7 (33... Qb1 {is more complex.} 34. Qe7 Qxa2+ 35. Ke3 Qxb3 36. Qf8+ Be8) 34. Qxd3 Bxd3 {[%mdl 4096] Endgame KB-KN} 35. a3 Bc2 36. Nd2 Kc7 {[#]} (36... Ke6 $11) 37. h3 ({White has to play} 37. f4 $1 $16) 37... b6 {[#]} ({Better is} 37... Kd7 $11) 38. f4 $1 $14 {[%cal Rf4g5][%mdl 512]} bxc5 $2 {[%mdl 8192]} (38... gxf4 $14 39. Kf3 bxc5) 39. dxc5 $18 gxf4 {White is clearly winning.} 40. Kf3 Kd7 41. Kxf4 Ke6 42. Nf3 {Threatens to win with Nd4+.} Be4 {intending ...Bxf3.} 43. Nxh4 Kd7 44. g4 Bb1 45. Nf3 Bd3 46. h4 {Accuracy: White = 55%, Black = 39%.} 1-0

[Event "8th Holuj-Radzikowska Rapid 2018"]
[Site "Wroclaw"]
[Date "2018.12.11"]
[Round "10"]
[White "Paehtz, Elisabeth"]
[Black "Socko, Monika"]
[Result "0-1"]
[WhiteElo "2487"]
[BlackElo "2458"]
[Annotator "TA"]
[PlyCount "58"]
[EventDate "2018.11.26"]
[EventType "schev"]
[EventCountry "POL"]
[SourceTitle "playchess.com"]
[Source "ChessBase"]
[SourceQuality "1"]
[WhiteTeam "World"]
[BlackTeam "Poland"]
[BlackTeamCountry "POL"]

{[%evp 14,58,30,32,126,81,64,73,85,64,64,57,68,48,58,44,38,53,67,61,43,48,59,31,30,10,93,-58,-67,-73,-53,-56,52,-33,30,-39,-39,-103,-103,-101,-106,-816,-819,-809,-806,-775,-752]} 1. d4 d6 2. e4 g6 3. Nc3 Bg7 4. Be3 c6 5. Qd2 b5 6. Bd3 Bb7 {B06: Modern Defence} (6... Nf6 7. Bh6 O-O 8. h4 e5 9. Nce2 c5 10. Bxg7 Kxg7 11. c3 cxd4 12. cxd4 d5 13. h5 dxe4 14. Bxb5 Nxh5 {½-½ (29) Popov,I (2608)-Gabrielian,A (2506) Voronezh 2018}) 7. h3 Nd7 8. Nf3 {LiveBook: 15 Games} Nb6 (8... Qc7 $14) 9. a4 $146 ({Predecessor:} 9. O-O Qc7 10. a4 Nc4 11. Bxc4 bxc4 12. e5 d5 13. Rfe1 e6 14. a5 Ne7 15. Bh6 Bxh6 16. Qxh6 {0-1 (50) Roskar,R (2210)-Feichter,C Finkenstein 1997}) 9... b4 10. Ne2 a5 11. c3 bxc3 12. bxc3 Nf6 13. Rb1 Ba6 14. Bxa6 Rxa6 15. Qd3 Qa8 16. e5 Nfd5 {[%cal Bf6d5,Bd5b4,Bb4c2][%mdl 32]} 17. exd6 exd6 18. c4 Nb4 $1 {[%cal Rb4d3]} 19. Qe4+ Kd7 {[#]} (19... Kf8 $1 $11) 20. Nd2 $2 (20. c5 $1 $16 {[%cal Rc5b6]} N6d5 21. cxd6) 20... f5 $15 21. Qf3 Nc2+ (21... Nxa4 22. O-O $11) (21... c5 $5 22. Qxa8 Rhxa8 23. dxc5 Nxa4 24. cxd6 Nc2+ 25. Kd1 Nxe3+ 26. fxe3 Nc5 $17) 22. Kf1 Nxa4 (22... c5 $1 $15 23. dxc5 Qxf3 24. gxf3 (24. Nxf3 Nxe3+ 25. fxe3 dxc5 $15) 24... dxc5) 23. g4 (23. c5 $1 $14) 23... Rf8 (23... Rb6 $15) 24. Kg2 ({White should play} 24. c5 $11) 24... f4 $36 {[%mdl 2048] Black is more active.} 25. Bxf4 (25. Nxf4 $15 g5 26. Qe4 {[%mdl 64] Double Attack} gxf4 27. Qxh7 c5+ 28. d5 Nxe3+ 29. fxe3) 25... Nxd4 $17 26. Nxd4 Bxd4 27. Qe4 $2 {[%mdl 8192] [#]} (27. Rhe1 $17 Rb6 28. Nb3 (28. Qe4 c5 $17) (28. Rxb6 Nxb6 29. Qg3 c5+ 30. Kg1 Qc6 $17)) 27... Nc3 $1 $19 {[%csl LRb1,LRe4][%cal Rc3e4][%mdl 64] Double Attack. Black is clearly winning.} 28. Qf3 Nxb1 29. Rxb1 Be5 {Accuracy: White = 27%, Black = 46%.} 0-1

[Event "8th Holuj-Radzikowska Rapid 2018"]
[Site "Wroclaw"]
[Date "2018.12.11"]
[Round "10"]
[White "Javakhishvili, Lela"]
[Black "Kulon, Klaudia"]
[Result "1-0"]
[WhiteElo "2464"]
[BlackElo "2333"]
[Annotator "TA"]
[PlyCount "83"]
[EventDate "2018.11.26"]
[EventType "schev"]
[EventCountry "POL"]
[SourceTitle "playchess.com"]
[Source "ChessBase"]
[SourceQuality "1"]
[WhiteTeam "World"]
[BlackTeam "Poland"]
[BlackTeamCountry "POL"]

{[%evp 11,83,0,0,-10,-4,-16,-14,-20,-5,-9,27,-15,-26,-35,-35,-48,-42,-40,-45,-93,-95,-133,-142,-139,-133,-137,-138,-137,-130,-141,-132,-125,-134,-126,-125,-134,-134,-219,-233,-291,-294,-290,-286,-285,-258,-237,-241,-233,-228,-227,72,72,101,101,101,101,101,72,101,93,397,391,384,383,441,346,335,158,157,156,335,282,29997,29998]} 1. d4 Nf6 2. Nf3 g6 3. Bg5 Bg7 4. e3 O-O 5. Nbd2 b6 (5... d5 6. c3 Nbd7 7. Bd3 Re8 8. O-O e5 9. dxe5 Nxe5 10. Nxe5 Rxe5 11. Bf4 Re8 12. h3 c6 13. a4 a5 14. Re1 Nd7 15. Nf3 Nc5 16. Bc2 Ne4 17. Nd4 Bd7 18. Bd3 Qb6 {1-0 (41) Cori Tello,J (2664)-Wei,Y (2742) Batumi 2018}) 6. Be2 {A48: 1 d4 Nf6 2 Nf3 g6: Torre, London and Colle Systems} Bb7 {LiveBook: 5 Games} 7. c4 d6 8. O-O {The position is equal.} Nbd7 9. Qc2 h6 $146 ({Predecessor:} 9... e6 10. h3 Qe8 11. e4 e5 12. d5 a5 13. b3 Nh5 14. Nh2 Nf4 {0-1 (41) Madina Yadarola,M (2262)-Perez Lopez,J (2212) Benidorm 2006}) 10. Bh4 e5 11. dxe5 (11. c5 $5 bxc5 12. dxe5 dxe5 13. Nc4 $11) 11... dxe5 12. Rad1 Qe7 13. Nb1 g5 $36 {[%mdl 2048] Hoping for ...Be4. Black is more active.} 14. Bg3 Ne4 15. Nfd2 f5 $1 16. Bf3 {[%cal Rd2e4]} Nxd2 $1 17. Qxd2 {[#]} Bxf3 $1 18. Qxd7 Qxd7 19. Rxd7 Be2 20. Re1 {Rxg7+! is the strong threat.} Rad8 21. Rxg7+ Kxg7 22. Bxe5+ Kg6 23. Bxc7 Rd7 ({Inferior is} 23... Bxc4 24. Bxd8 Rxd8 25. b3 $14) 24. b3 (24. Na3 $17 {was necessary.}) 24... Bxc4 $1 $19 (24... Rxc7 25. Rxe2 Rd7 26. Kf1 $15) 25. Bxb6 axb6 26. bxc4 {[%mdl 4096] Endgame KRR-KRN} Rc8 27. Na3 Rd3 28. Nb5 Rxc4 29. h3 Rc2 30. Nd4 Rcd2 $2 (30... Rb2 $19 {aiming for ...Ra3.} 31. a4 Rdd2) 31. Nf3 $16 Kh5 32. Nxd2 Rxd2 {KR-KR} 33. Rb1 Rxa2 34. Rxb6 Ra1+ 35. Kh2 Rf1 $2 {[%mdl 8192]} (35... f4 $16) 36. Kg3 $18 Ra1 37. Rf6 Ra5 38. f3 Ra3 39. Kf2 ({Less strong is} 39. Rxf5 Rxe3 40. Rf6 Re2 $16) (39. Kh2 $18 {White wants to mate with g4+.} Ra2 40. Rxf5) 39... Ra2+ $16 {[#]} 40. Kg1 $1 Ra1+ $2 (40... Kh4 $16) 41. Kh2 $18 {Intending g4+ and mate.} Re1 $2 (41... f4 $18 42. exf4 gxf4 43. Rxf4 Kg6) 42. g4+ {Accuracy: White = 44%, Black = 37%.} 1-0

[Event "8th Holuj-Radzikowska Rapid 2018"]
[Site "Wroclaw"]
[Date "2018.12.11"]
[Round "10"]
[White "Zawadzka, Jolanta"]
[Black "Abdumalik, Zhansaya"]
[Result "1/2-1/2"]
[WhiteElo "2423"]
[BlackElo "2470"]
[Annotator "RC"]
[PlyCount "108"]
[EventDate "2018.11.26"]
[EventType "schev"]
[EventCountry "POL"]
[SourceTitle "playchess.com"]
[Source "ChessBase"]
[SourceQuality "1"]
[WhiteTeam "Poland"]
[BlackTeam "World"]
[WhiteTeamCountry "POL"]
[TimeControl "900+10"]

1. e4 {[%emt 0:00:00]} c5 {[%emt 0:00:15]} 2. Nf3 {[%emt 0:00:00]} e6 {[%emt 0:00:01]} 3. c4 {[%emt 0:00:00]} a6 {[%emt 0:00:07]} 4. Nc3 {[%emt 0:00:00]} Qc7 {[%emt 0:00:06]} 5. Be2 {[%emt 0:00:00]} b6 {[%emt 0:00:06]} 6. O-O {[%emt 0:00:01]} Bb7 {[%emt 0:00:01]} 7. d4 {[%emt 0:00:05]} cxd4 {[%emt 0:00:02]} 8. Nxd4 {[%emt 0:00:02]} Nf6 {[%emt 0:00:04]} 9. f3 {[%emt 0:00:52]} Bd6 {[%emt 0:00:12]} 10. Kh1 {[%emt 0:00:41]} Be7 {[%emt 0:01:31]} 11. Be3 {[%emt 0:00:05]} d6 {[%emt 0:00:28]} 12. Qd2 {[%emt 0:00:03]} Nbd7 {[%emt 0:00:01]} 13. a4 {[%emt 0:00:06]} O-O {[%emt 0:00:21]} 14. a5 {[%emt 0:00:05]} bxa5 {[%emt 0:00:13]} 15. Nb3 {[%emt 0:00:02]} Rab8 {[%emt 0:00:16]} 16. Nxa5 {[%emt 0:00:06]} Ba8 {[%emt 0:00:02]} 17. Rfc1 {[%emt 0:00:58]} h5 {[%emt 0:00:22]} 18. b4 {[%emt 0:02:25]} h4 {[%emt 0:00:08]} 19. b5 {[%emt 0:01:33]} h3 {[%emt 0:00:02]} 20. g3 {[%emt 0:00:01]} Nc5 {[%emt 0:00:36]} 21. Bf1 {[%emt 0:00:32]} axb5 {[%emt 0:02:44]} 22. cxb5 {[%emt 0:00:42]} d5 {[%emt 0:00:38]} 23. Na4 {[%emt 0:01:15]} Nfd7 {[%emt 0:00:23]} 24. Nxc5 {[%emt 0:00:15]} Bxc5 {[%emt 0:00:03]} 25. Bxc5 {[%emt 0:00:53]} Nxc5 {[%emt 0:00:02]} 26. Qe3 {[%emt 0:00:05]} Rbc8 {[%emt 0:01:13]} 27. Nb3 {[%emt 0:01:55]} d4 {[%emt 0:00:18]} 28. Nxd4 {[%emt 0:00:50]} Qd6 {[%emt 0:00:51]} 29. Bxh3 {[%emt 0:00:26]} Bb7 {[%emt 0:00:02]} 30. Bf1 {[%emt 0:00:19]} f5 {[%emt 0:01:03]} 31. Bg2 f4 {[%emt 0:01:39]} 32. gxf4 {[%emt 0:02:38]} Rxf4 {[%emt 0:00:04]} 33. Nc6 {[%emt 0:00:18]} Bxc6 {[%emt 0:01:46]} 34. Qxc5 {[%emt 0:00:10]} Qxc5 {[%emt 0:00:23]} 35. Rxc5 {[%emt 0:00:02]} Bb7 {[%emt 0:00:02]} 36. Rxc8+ {[%emt 0:00:08]} Bxc8 {[%emt 0:00:01]} 37. Ra8 {[%emt 0:00:02]} Rf8 {[%emt 0:00:00]} 38. Bh3 {[%emt 0:00:05]} Kf7 {[%emt 0:00:31]} 39. Kg2 {[%emt 0:00:02]} Rd8 {[%emt 0:00:23]} 40. Kg3 {[%emt 0:00:14]} Ke7 {[%emt 0:00:03]} 41. b6 {[%emt 0:00:12]} g6 {[%emt 0:01:26]} 42. Rb8 {[%emt 0:00:08]} Bd7 {[%emt 0:00:16]} 43. Rxd8 {[%emt 0:00:05]} Kxd8 {[%emt 0:00:02]} 44. Kf4 {[%emt 0:00:07]} e5+ {[%emt 0:00:07]} 45. Kxe5 {[%emt 0:00:01]} Bxh3 {[%emt 0:00:04]} 46. Kf6 {[%emt 0:00:01]} Bg2 {[%emt 0:00:03]} 47. Kxg6 {[%emt 0:00:43]} Bxf3 {[%emt 0:00:01]} 48. e5 {[%emt 0:00:02]} Kd7 {[%emt 0:01:07]} 49. h4 {[%emt 0:00:29]} Ke6 {[%emt 0:00:17]} 50. h5 {[%emt 0:01:13]} Kxe5 {[%emt 0:00:04]} 51. h6 {[%emt 0:00:01]} Kd6 {[%emt 0:00:06]} 52. b7 {[%emt 0:00:31]} Kc7 {[%emt 0:00:18]} 53. Kf5 {[%emt 0:00:09]} Bd1 {[%emt 0:00:05]} 54. Ke5 {[%emt 0:00:11]} Bc2 {[%emt 0:00:02] Ke4} 1/2-1/2

[Event "8th Holuj-Radzikowska Rapid 2018"]
[Site "Wroclaw"]
[Date "2018.12.11"]
[Round "10"]
[White "Szczepkowska, Karina"]
[Black "Skripchenko, Almira"]
[Result "1/2-1/2"]
[WhiteElo "2408"]
[BlackElo "2408"]
[Annotator "NA"]
[PlyCount "33"]
[EventDate "2018.11.26"]
[EventType "schev"]
[EventCountry "POL"]
[SourceTitle "playchess.com"]
[Source "ChessBase"]
[SourceQuality "1"]
[WhiteTeam "Poland"]
[BlackTeam "World"]
[WhiteTeamCountry "POL"]
[TimeControl "900+10"]

1. d4 {[%emt 0:00:00]} d6 {[%emt 0:00:00]} 2. c4 {[%emt 0:00:00]} e5 {[%emt 0:00:00]} 3. Nf3 {[%emt 0:00:01]} Nd7 {[%emt 0:00:15]} 4. Nc3 {[%emt 0:00:03]} Ngf6 {[%emt 0:00:05]} 5. g3 {[%emt 0:00:14]} g6 {[%emt 0:00:17]} 6. Bg2 {[%emt 0:00:02]} Bg7 {[%emt 0:00:02]} 7. O-O {[%emt 0:00:03]} O-O {[%emt 0:00:03]} 8. Qc2 {[%emt 0:00:02]} Re8 {[%emt 0:00:12]} 9. Rd1 {[%emt 0:00:08]} c6 {[%emt 0:00:26]} 10. b3 {[%emt 0:00:10]} exd4 {[%emt 0:01:30]} 11. Nxd4 {[%emt 0:00:03]} Qe7 {[%emt 0:00:04]} 12. h3 {[%emt 0:00:17]} Nc5 {[%emt 0:00:07]} 13. Bb2 {[%emt 0:00:30]} a5 {[%emt 0:00:20]} 14. a3 {[%emt 0:00:29]} Bd7 {[%emt 0:00:15]} 15. b4 {[%emt 0:00:30]} axb4 {[%emt 0:00:02]} 16. axb4 {[%emt 0:00:02]} Rxa1 {[%emt 0:00:04]} 17. Bxa1 {[%emt 0:00:51]} 1/2-1/2